| 000 | 00499nam a2200169Ia 4500 | ||
|---|---|---|---|
| 008 | 150121s9999 xx 000 0 und d | ||
| 020 | _a1656-8397 | ||
| 245 |
_aProgressio : _bJournal on Human Development / _h[electronic resource] |
||
| 260 |
_bCapitol University, _c2011. |
||
| 516 | _aElectronic text | ||
| 650 | _aEducation. | ||
| 650 | _aManagement. | ||
| 650 | _aMusic. | ||
| 830 | _aPhilippine E-Journals | ||
| 856 | _uhttp://www.ejournals.ph/index.php?journal=PROGRESSIO | ||
| 942 | _cEJ | ||
| 999 |
_c277068 _d277068 |
||